[Event "47. Torneo Villa de Mislata - Torneo A"]
[Site "Mislata ESP"]
[Date "2013.08.12"]
[Round "1.1"]
[White "Castella Garcia, Fausto"]
[Black "Lopez Mulet, Inigo"]
[Result "1-0"]
[WhiteElo "2338"]
[BlackElo "2120"]
[PlyCount "61"]
[EventDate "2013.08.12"]
[EventType "swiss"]
[EventRounds "9"]
[EventCountry "ESP"]
[Source "lmi"]
[SourceDate "2013.08.12"]

1. e4 e6 2. Nf3 d5 3. e5 c5 4. b4 d4 5. Bb2 Nc6 6. b5 Nb4 7. c3 dxc3 8. dxc3
Qxd1+ 9. Kxd1 Nd5 10. c4 Nde7 11. Bd3 b6 12. Be4 Rb8 13. Kc2 Bb7 14. Nc3 Nh6
15. a4 Bxe4+ 16. Nxe4 Ng6 17. h4 Nf4 18. g3 Nh5 19. a5 Ng4 20. axb6 axb6 21.
Ra7 f5 22. exf6 gxf6 23. Re1 Be7 24. Nd6+ Bxd6 25. Rxe6+ Kf8 26. Rxd6 Rg8 27.
Rxh7 Ng7 28. Bxf6 Nxf2 29. Ng5 Re8 30. Bxg7+ Rxg7 31. Rf6+ 1-0

[Event "47. Torneo Villa de Mislata - Torneo A"]
[Site "Mislata ESP"]
[Date "2013.08.12"]
[Round "1.2"]
[White "Jordan Arenas, Manuel"]
[Black "Kovacevic, Slobodan"]
[Result "0-1"]
[WhiteElo "2114"]
[BlackElo "2337"]
[PlyCount "146"]
[EventDate "2013.08.12"]
[EventType "swiss"]
[EventRounds "9"]
[EventCountry "ESP"]
[Source "lmi"]
[SourceDate "2013.08.12"]

1. d4 Nf6 2. c4 e6 3. Nf3 c5 4. d5 exd5 5. cxd5 d6 6. Nc3 g6 7. Bf4 a6 8. a4
Qe7 9. e3 Nh5 10. Bg5 f6 11. Bh4 Ng7 12. Bd3 Nf5 13. Bg3 Nxg3 14. hxg3 f5 15.
a5 Bg7 16. Qa4+ Nd7 17. Qf4 O-O 18. Ra4 Rb8 19. Kd2 Nf6 20. Qg5 Bd7 21. Rah4
Rbe8 22. Kc2 Qf7 23. Bc4 h5 24. Qf4 Qe7 25. Bd3 Ng4 26. Nd1 Qd8 27. Kb1 Bb5 28.
Bc2 Qf6 29. Ng5 Bh6 30. Rxg4 fxg4 31. Qxf6 Rxf6 32. Ne4 Ref8 33. Nxf6+ Rxf6 34.
Be4 Kg7 35. f4 Rf7 36. Nc3 Re7 37. Kc2 Bd7 38. Rb1 Kf7 39. Kd2 Bg7 40. Bd3 Bf5
41. Bxf5 gxf5 42. Ra1 Bf6 43. Ra3 Ke8 44. Rb3 Kd8 45. Na4 Kc7 46. Nb6 Rh7 47.
Nc4 Be7 48. e4 fxe4 49. Re3 h4 50. gxh4 Rxh4 51. Rxe4 Kd7 52. Ke3 Rh1 53. Kf2
Bh4+ 54. Ke2 Rg1 55. Ne3 Rb1 56. Nc4 Rg1 57. Ne3 Bd8 58. b4 Rb1 59. bxc5 dxc5
60. Nxg4 Bxa5 61. f5 b5 62. f6 Re1+ 63. Kf3 Rf1+ 64. Nf2 Be1 65. Re2 Bxf2 66.
Rxf2 Rxf2+ 67. Kxf2 a5 68. Ke2 a4 69. Kd2 a3 70. Kc2 c4 71. g4 b4 72. g5 b3+
73. Kb1 c3 0-1

[Event "47. Torneo Villa de Mislata - Torneo A"]
[Site "Mislata ESP"]
[Date "2013.08.12"]
[Round "1.3"]
[White "Carrascoso Morales, Abel"]
[Black "Ribes Peris, Alvaro"]
[Result "1-0"]
[WhiteElo "2288"]
[BlackElo "2109"]
[PlyCount "65"]
[EventDate "2013.08.12"]
[EventType "swiss"]
[EventRounds "9"]
[EventCountry "ESP"]
[Source "lmi"]
[SourceDate "2013.08.12"]

1. d4 d5 2. Nf3 Nf6 3. c4 e6 4. Nc3 Be7 5. Bg5 O-O 6. e3 Nbd7 7. Qc2 c5 8. dxc5
dxc4 9. Bxc4 Qa5 10. O-O Qxc5 11. Bd3 h6 12. Bf4 b6 13. b4 Qxb4 14. Rab1 Qc5
15. Rb5 Qc6 16. Nd5 Qxc2 17. Nxe7+ Kh8 18. Bxc2 Ba6 19. a4 Rfe8 20. Bd6 Bxb5
21. axb5 Nc5 22. Ne5 g5 23. Nxf7+ Kg7 24. Ne5 Rad8 25. Bxc5 bxc5 26. N7c6 Rd2
27. Bg6 Rf8 28. Ra1 Nd7 29. Nxd7 Rxd7 30. Be4 c4 31. Ne5 Rd2 32. Rxa7+ Kf6 33.
Ng4# 1-0

[Event "47. Torneo Villa de Mislata - Torneo A"]
[Site "Mislata ESP"]
[Date "2013.08.12"]
[Round "1.4"]
[White "Martin Capitan, Feliciano"]
[Black "Serna Lara, Sergio"]
[Result "0-1"]
[WhiteElo "2105"]
[BlackElo "2287"]
[PlyCount "24"]
[EventDate "2013.08.12"]
[EventType "swiss"]
[EventRounds "9"]
[EventCountry "ESP"]
[Source "lmi"]
[SourceDate "2013.08.12"]

1. e4 e6 2. d4 d5 3. exd5 exd5 4. Nf3 Bd6 5. Be2 Ne7 6. Bg5 Bf5 7. Nbd2 Nbc6 8.
c3 Qd7 9. Nf1 f6 10. Bd2 O-O-O 11. Qa4 Kb8 12. O-O-O Nb4 0-1

[Event "47. Torneo Villa de Mislata - Torneo A"]
[Site "Mislata ESP"]
[Date "2013.08.12"]
[Round "1.7"]
[White "Buenafe Moya, Javier"]
[Black "Nieves Cabanes, Jose Manuel"]
[Result "1/2-1/2"]
[WhiteElo "2229"]
[BlackElo "2048"]
[PlyCount "114"]
[EventDate "2013.08.12"]
[EventType "swiss"]
[EventRounds "9"]
[EventCountry "ESP"]
[Source "lmi"]
[SourceDate "2013.08.12"]

1. c4 Nf6 2. Nc3 d5 3. cxd5 Nxd5 4. Nf3 g6 5. g3 Bg7 6. Bg2 O-O 7. O-O c6 8. d4
Nd7 9. Qb3 N7f6 10. Ne5 Qb6 11. Qc4 Nxc3 12. bxc3 Be6 13. Qd3 Rad8 14. Rb1 Qc7
15. Bf4 Qc8 16. Rb2 Nd7 17. Nxd7 Bxd7 18. Qb1 b6 19. Qc1 c5 20. Bh6 Bc6 21.
Bxg7 Kxg7 22. Qe3 Bxg2 23. Kxg2 cxd4 24. cxd4 Qb7+ 25. f3 Rd7 26. Rc1 Rfd8 27.
Qc3 Kg8 28. e3 Qd5 29. a4 h5 30. Rcc2 Qe6 31. Rb5 a6 32. Rb4 Rb8 33. e4 Rdb7
34. d5 Qd6 35. Rc4 Qd7 36. Qe5 Qe8 37. Rc6 b5 38. a5 b4 39. g4 b3 40. Rb2 hxg4
41. fxg4 Qd7 42. Kf3 Rc8 43. Qc3 Rbc7 44. Rxb3 Rxc6 45. dxc6 Qxc6 46. Qxc6 Rxc6
47. Rb6 Rc3+ 48. Kf4 Rh3 49. Rxa6 Rxh2 50. e5 e6 51. Ra8+ Kg7 52. a6 Ra2 53. a7
Ra5 54. Ke4 Ra1 55. Kd4 Rd1+ 56. Kc3 Ra1 57. Kb2 Ra6 1/2-1/2

[Event "47. Torneo Villa de Mislata - Torneo A"]
[Site "Mislata ESP"]
[Date "2013.08.12"]
[Round "1.8"]
[White "Sanchiz Marti, Josep Miquel"]
[Black "Sos Andreu, Eric"]
[Result "0-1"]
[WhiteElo "2047"]
[BlackElo "2229"]
[PlyCount "72"]
[EventDate "2013.08.12"]
[EventType "swiss"]
[EventRounds "9"]
[EventCountry "ESP"]
[Source "lmi"]
[SourceDate "2013.08.12"]

1. d4 Nf6 2. c4 g6 3. Nc3 d5 4. cxd5 Nxd5 5. e4 Nxc3 6. bxc3 Bg7 7. Bc4 O-O 8.
Ne2 c5 9. Be3 Nc6 10. O-O Bg4 11. f3 Na5 12. Bd3 cxd4 13. cxd4 Be6 14. Qa4 a6
15. Bd2 Nc6 16. d5 Bxa1 17. Rxa1 Ne5 18. Bh6 Qb6+ 19. Qd4 Qxd4+ 20. Nxd4 Bxd5
21. Bxf8 Kxf8 22. Bxa6 Rxa6 23. exd5 Rd6 24. Rb1 Rxd5 25. Nb5 Rd2 26. Nc3 Rc2
27. Ne4 Nd3 28. Kf1 Rxa2 29. Rxb7 Ra1+ 30. Ke2 Nf4+ 31. Kf2 Ra2+ 32. Kg3 e5 33.
Ng5 Rxg2+ 34. Kh4 Rxh2+ 35. Kg3 Rg2+ 36. Kh4 h6 0-1

[Event "47. Torneo Villa de Mislata - Torneo A"]
[Site "Mislata ESP"]
[Date "2013.08.12"]
[Round "1.9"]
[White "Saenz Narciso, Miguel Angel"]
[Black "Fernandez Ayuso, Sergio"]
[Result "1/2-1/2"]
[WhiteElo "2206"]
[BlackElo "2043"]
[PlyCount "147"]
[EventDate "2013.08.12"]
[EventType "swiss"]
[EventRounds "9"]
[EventCountry "ESP"]
[Source "lmi"]
[SourceDate "2013.08.12"]

1. e4 e6 2. d4 d5 3. Nc3 Bb4 4. exd5 exd5 5. Bd3 Ne7 6. Nge2 Bf5 7. O-O O-O 8.
Bg5 Bxd3 9. Qxd3 c6 10. Ng3 Na6 11. Rae1 Qd7 12. a3 Bd6 13. Bxe7 Bxe7 14. f4
Bh4 15. f5 Rae8 16. Re2 Qd6 17. Nh5 Bf6 18. Rfe1 Nc7 19. Nd1 Rxe2 20. Rxe2 Re8
21. c3 Rxe2 22. Qxe2 Qe7 23. Kf2 Qxe2+ 24. Kxe2 Bg5 25. Kf3 Ne8 26. Nf4 Nd6 27.
g4 Ne4 28. Nd3 Kf8 29. a4 Be7 30. N1f2 Nd2+ 31. Ke2 Nc4 32. b3 Na5 33. b4 Nc4
34. Ne5 Nd6 35. Kd3 Ke8 36. Kc2 Bg5 37. Nfd3 Kd8 38. h3 a6 39. Kb3 Bf6 40. Nc5
Kc7 41. Nf3 Be7 42. Nd3 Bf6 43. Nf4 Be7 44. Ne5 Bf6 45. Nh5 Bxe5 46. dxe5 Ne8
47. c4 g6 48. Nf4 gxf5 49. gxf5 dxc4+ 50. Kxc4 Ng7 51. f6 Nf5 52. a5 Kd7 53.
Kc5 Ne3 54. Nd3 Nd5 55. Kd4 Ke6 56. Nc5+ Kf5 57. Nxb7 Nxb4 58. Kc5 Nd3+ 59.
Kxc6 Nxe5+ 60. Kb6 Kxf6 61. Kxa6 Nc6 62. Kb5 Nxa5 63. Nxa5 Kg5 64. Nc4 Kh4 65.
Ne5 f6 66. Ng4 f5 67. Nf6 f4 68. Kc4 f3 69. Kd3 Kxh3 70. Ke3 Kg2 71. Ne4 h5 72.
Nf2 h4 73. Nh3 Kg3 74. Nf2 1/2-1/2

[Event "47. Torneo Villa de Mislata - Torneo A"]
[Site "Mislata ESP"]
[Date "2013.08.12"]
[Round "1.11"]
[White "Picazo Lopez, Juan Antonio"]
[Black "Ferreruela Romero, Jose Joaquin"]
[Result "1-0"]
[WhiteElo "2200"]
[BlackElo "2022"]
[PlyCount "87"]
[EventDate "2013.08.12"]
[EventType "swiss"]
[EventRounds "9"]
[EventCountry "ESP"]
[Source "lmi"]
[SourceDate "2013.08.12"]

1. d4 Nf6 2. c4 e6 3. Nc3 Bb4 4. e3 b6 5. Nge2 Bb7 6. a3 Be7 7. d5 a6 8. g3 h5
9. Bg2 h4 10. O-O Qc8 11. e4 hxg3 12. hxg3 exd5 13. cxd5 d6 14. Nd4 Qg4 15. Nf5
Nbd7 16. Qxg4 Nxg4 17. Nxg7+ Kf8 18. Nf5 Bf6 19. f3 Nge5 20. Ne2 Nd3 21. Ned4
N7c5 22. b4 Bc8 23. Ra2 Bxf5 24. Nxf5 Na4 25. Rc2 b5 26. Bh6+ Kg8 27. Be3 Rh5
28. g4 Rxf5 29. gxf5 Nab2 30. Rxc7 Nc4 31. Bc1 Kg7 32. Rd1 Nxc1 33. Rxc4 Ne2+
34. Kf2 bxc4 35. Kxe2 Bb2 36. Kd2 Rc8 37. Kc2 Bxa3 38. Kc3 Rb8 39. Rh1 a5 40.
b5 Rc8 41. Bf1 Bb4+ 42. Kd4 c3 43. Bc4 Rh8 44. f4 1-0

[Event "47. Torneo Villa de Mislata - Torneo A"]
[Site "Mislata ESP"]
[Date "2013.08.12"]
[Round "1.12"]
[White "Morant Amezaga, Elies"]
[Black "Aymerich Rosell, Pablo"]
[Result "0-1"]
[WhiteElo "2022"]
[BlackElo "2199"]
[PlyCount "36"]
[EventDate "2013.08.12"]
[EventType "swiss"]
[EventRounds "9"]
[EventCountry "ESP"]
[Source "lmi"]
[SourceDate "2013.08.12"]

1. d4 e6 2. c4 Nf6 3. Nc3 Bb4 4. e3 O-O 5. Nge2 d5 6. a3 Be7 7. cxd5 exd5 8.
Nf4 c6 9. Be2 Bd6 10. Nd3 Re8 11. O-O Nbd7 12. Ne1 Nf8 13. Nf3 Ng6 14. Bd3 Ne4
15. Bxe4 dxe4 16. Nd2 Qh4 17. g3 Qh3 18. Ndxe4 Nh4 0-1

[Event "47. Torneo Villa de Mislata - Torneo A"]
[Site "Mislata ESP"]
[Date "2013.08.12"]
[Round "1.13"]
[White "Montalban Galvez, Antoni"]
[Black "Garcia De Lomas Guerrero, Carlos"]
[Result "1/2-1/2"]
[WhiteElo "2197"]
[BlackElo "2013"]
[PlyCount "56"]
[EventDate "2013.08.12"]
[EventType "swiss"]
[EventRounds "9"]
[EventCountry "ESP"]
[Source "lmi"]
[SourceDate "2013.08.12"]

1. Nf3 Nf6 2. c4 e6 3. g3 d5 4. Bg2 Be7 5. O-O O-O 6. d4 dxc4 7. Qc2 a6 8. a4
Bd7 9. Qxc4 Bc6 10. Bf4 Bd6 11. Bg5 h6 12. Bxf6 Qxf6 13. Nc3 e5 14. d5 Bd7 15.
Nd2 a5 16. Rfc1 Na6 17. Nce4 Qe7 18. Qb3 Bb4 19. Nc4 Kh8 20. Rd1 f5 21. d6 Qe6
22. Nc3 cxd6 23. Qa2 Bc6 24. Bxc6 bxc6 25. Nxd6 Qf6 26. Nc4 f4 27. Ne4 Qg6 28.
f3 Rae8 1/2-1/2

[Event "47. Torneo Villa de Mislata - Torneo A"]
[Site "Mislata ESP"]
[Date "2013.08.12"]
[Round "1.14"]
[White "Cano Cabanillas, Javier"]
[Black "Mingarro Carceller, Sergi"]
[Result "1-0"]
[WhiteElo "2010"]
[BlackElo "2195"]
[PlyCount "161"]
[EventDate "2013.08.12"]
[EventType "swiss"]
[EventRounds "9"]
[EventCountry "ESP"]
[Source "lmi"]
[SourceDate "2013.08.12"]

1. e4 g6 2. d4 Bg7 3. Nc3 d6 4. Be3 a6 5. a4 b6 6. g3 Nd7 7. Bg2 e6 8. Nge2 Ne7
9. Qd2 h6 10. O-O Bb7 11. f4 c5 12. dxc5 dxc5 13. Rad1 Qc7 14. g4 O-O-O 15. Qd6
Nf6 16. Qxc7+ Kxc7 17. h3 Nc6 18. e5 Rxd1 19. Rxd1 Nd7 20. Ne4 Nb4 21. a5 Bxe4
22. axb6+ Nxb6 23. Bxe4 Nd7 24. Ra1 g5 25. c3 Nc6 26. Rxa6 Ndb8 27. Ra4 gxf4
28. Bxf4 Bxe5 29. Ra7+ Kd6 30. Rxf7 Bxf4 31. Nxf4 Nd8 32. Ra7 Rg8 33. Nh5 Ke5
34. Bc2 Nbc6 35. Rh7 Na5 36. Rxh6 Nc4 37. b3 Ne3 38. Bd3 Nd5 39. c4 Nb4 40. Bf1
Ndc6 41. Ng3 Nd4 42. Rh5+ Kf4 43. Ne2+ Kf3 44. Nc1 Rc8 45. Re5 Kf4 46. Rh5 Nbc2
47. Nd3+ Kg3 48. Nxc5 Nf3+ 49. Kh1 Ne3 50. Be2 Ra8 51. Ne4+ Kf4 52. Bxf3 Ra1+
53. Kh2 Kxf3 54. Nd2+ Ke2 55. Ne4 Kf3 56. Nd2+ Kf4 57. Rh8 Rd1 58. Rf8+ Ke5 59.
Nf3+ Ke4 60. Ng5+ Ke5 61. Rf2 Rb1 62. Nf3+ Kd6 63. Rd2+ Ke7 64. Rd3 Nc2 65. h4
Nb4 66. Rc3 Na2 67. Re3 Nc1 68. h5 Nxb3 69. g5 Nc5 70. Ne5 Kf8 71. h6 Kg8 72.
g6 Rb2+ 73. Kg3 Rb1 74. Ra3 Rb8 75. Ra7 Ne4+ 76. Kf4 Nd6 77. Rg7+ Kh8 78. Nf7+
Nxf7 79. Rxf7 Rc8 80. Kg5 e5 81. g7+ 1-0

[Event "47. Torneo Villa de Mislata - Torneo A"]
[Site "Mislata ESP"]
[Date "2013.08.12"]
[Round "1.16"]
[White "Ortega Lopez, Mikel"]
[Black "Calvo Alfonso, Vicente"]
[Result "1/2-1/2"]
[WhiteElo "1988"]
[BlackElo "2177"]
[PlyCount "51"]
[EventDate "2013.08.12"]
[EventType "swiss"]
[EventRounds "9"]
[EventCountry "ESP"]
[Source "lmi"]
[SourceDate "2013.08.12"]

1. e4 e6 2. d4 d5 3. Nd2 Nf6 4. e5 Nfd7 5. c3 c5 6. Bd3 Nc6 7. Ne2 cxd4 8. cxd4
Nb4 9. Bb1 a5 10. O-O Nb6 11. Nf3 Be7 12. Nc3 Bd7 13. a3 Nc6 14. h3 Na7 15. Nh2
Nb5 16. Nxb5 Bxb5 17. Re1 Qd7 18. Bd2 Nc4 19. Bc3 a4 20. Nf1 Bc6 21. Ne3 b5 22.
Bd3 g6 23. Qf3 Nxe3 24. Qxe3 h6 25. f4 O-O 26. Qd2 1/2-1/2

[Event "47. Torneo Villa de Mislata - Torneo A"]
[Site "Mislata ESP"]
[Date "2013.08.12"]
[Round "1.17"]
[White "Jordan Martinez, Miguel"]
[Black "Cebrian Flores, Juan Antonio"]
[Result "1-0"]
[WhiteElo "2172"]
[BlackElo "1988"]
[PlyCount "117"]
[EventDate "2013.08.12"]
[EventType "swiss"]
[EventRounds "9"]
[EventCountry "ESP"]
[Source "lmi"]
[SourceDate "2013.08.12"]

1. e4 c5 2. Nf3 d6 3. d4 cxd4 4. Qxd4 Bd7 5. Bc4 Nc6 6. Qd3 Nf6 7. Nc3 a6 8.
Bg5 Bg4 9. Bf4 Bxf3 10. gxf3 g6 11. Bb3 Bg7 12. O-O-O O-O 13. Qe3 Qa5 14. Bh6
Rfc8 15. Bxg7 Kxg7 16. Kb1 Ne5 17. Nd5 Nxd5 18. Rxd5 Rc5 19. f4 Ng4 20. Qe2 Nf6
21. Rd4 Qc7 22. Re1 e5 23. fxe5 dxe5 24. Rd3 Nh5 25. Qg4 Rd8 26. Rxd8 Qxd8 27.
Rd1 Qa5 28. Qd7 Rc7 29. Qd8 Qc5 30. a3 Qe7 31. f3 Qxd8 32. Rxd8 Nf4 33. Bd5
Nxd5 34. exd5 Kf6 35. b3 Ke7 36. Rb8 f5 37. c4 Kd6 38. Kc2 Re7 39. Kd3 a5 40.
Ra8 b6 41. Rb8 Kc7 42. d6+ Kxd6 43. Rxb6+ Kc7 44. Ra6 Rd7+ 45. Ke3 a4 46. Rxa4
Rd1 47. Ra5 e4 48. fxe4 Re1+ 49. Kd3 Rxe4 50. Ra7+ Kd6 51. Rxh7 Rg4 52. b4 f4
53. c5+ Kc6 54. Rf7 Rg5 55. a4 f3 56. Rf6+ Kc7 57. Kc3 Rg2 58. Rxf3 Rxh2 59.
Rg3 1-0

[Event "47. Torneo Villa de Mislata - Torneo A"]
[Site "Mislata ESP"]
[Date "2013.08.12"]
[Round "1.18"]
[White "Gonzalvez Perales, Jose Luis"]
[Black "Laliena Solanes, Luis"]
[Result "0-1"]
[WhiteElo "1963"]
[BlackElo "2162"]
[PlyCount "92"]
[EventDate "2013.08.12"]
[EventType "swiss"]
[EventRounds "9"]
[EventCountry "ESP"]
[Source "lmi"]
[SourceDate "2013.08.12"]

1. e4 c6 2. d4 d5 3. exd5 cxd5 4. c4 Nf6 5. Nc3 Nc6 6. cxd5 Nxd5 7. Nf3 g6 8.
Qb3 Nxc3 9. bxc3 Bg7 10. Bb2 O-O 11. Be2 Be6 12. Qd1 Qc7 13. O-O Na5 14. Re1
Rfd8 15. Ng5 Bd5 16. Bf3 Nc4 17. Qb3 Rac8 18. Bxd5 Rxd5 19. Bc1 e5 20. Nf3 Qb6
21. Be3 Rb5 22. Qc2 Nxe3 23. fxe3 exd4 24. exd4 Bxd4+ 25. Nxd4 Qxd4+ 26. cxd4
Rxc2 27. Rab1 Rg5 28. g3 b6 29. Rbd1 Rd5 30. a3 Rc3 31. Re7 Rxa3 32. Rf1 Rf5
33. Rxf5 gxf5 34. d5 Kg7 35. d6 Kf6 36. Rb7 Rd3 37. Rxa7 Rxd6 38. Rb7 h5 39. h4
f4 40. gxf4 Kf5 41. Rxf7+ Rf6 42. Rh7 Kg4 43. Kg2 Rxf4 44. Rb7 Rb4 45. Rg7+
Kxh4 46. Rg6 Rg4+ 0-1

[Event "47. Torneo Villa de Mislata - Torneo A"]
[Site "Mislata ESP"]
[Date "2013.08.12"]
[Round "1.19"]
[White "Gonzalez Aguirre, Luis"]
[Black "Guillem Mora, Carlos"]
[Result "1-0"]
[WhiteElo "2151"]
[BlackElo "1903"]
[PlyCount "111"]
[EventDate "2013.08.12"]
[EventType "swiss"]
[EventRounds "9"]
[EventCountry "ESP"]
[Source "lmi"]
[SourceDate "2013.08.12"]

1. c4 c5 2. Nc3 Nc6 3. g3 g6 4. Bg2 Bg7 5. Nf3 Nf6 6. d4 Qa5 7. O-O d6 8. d5
Nb8 9. h3 O-O 10. e4 Nbd7 11. Qe2 a6 12. Bd2 Rb8 13. a4 Ne8 14. Nd1 Qd8 15. Bc3
e5 16. g4 Nc7 17. a5 Qe7 18. Ne3 Nf6 19. Nd2 h5 20. f4 hxg4 21. hxg4 Nd7 22. f5
g5 23. Nf3 f6 24. Rfb1 Rf7 25. b4 cxb4 26. Bxb4 Nc5 27. Ne1 Bf8 28. Nd3 Ne8 29.
Nf1 Qc7 30. Nd2 Rh7 31. Bxc5 dxc5 32. Rb6 Nd6 33. Kf2 Bd7 34. Qe3 Be7 35. Kg3
Rc8 36. Ne1 Kg7 37. Nef3 Rb8 38. Qc3 Nc8 39. Rbb1 Nd6 40. Qb2 Nc8 41. Qc3 Nd6
42. Ne1 Rhh8 43. Nd3 Rh7 44. Nb3 Nf7 45. Qd2 Rhh8 46. Qe3 Rbc8 47. Nd2 Rb8 48.
Kf2 Rh4 49. Kg3 Rhh8 50. Rb6 Rhc8 51. Kf3 Nd6 52. Qg1 Nf7 53. Qb1 Nd6 54. Qb2
Rh8 55. Rb1 Rhc8 56. Nxe5 1-0

[Event "47. Torneo Villa de Mislata - Torneo A"]
[Site "Mislata ESP"]
[Date "2013.08.12"]
[Round "1.20"]
[White "Gonzalez Santamartina, Jorge"]
[Black "Rubio Tent, Francisco"]
[Result "0-1"]
[WhiteElo "1891"]
[BlackElo "2150"]
[PlyCount "122"]
[EventDate "2013.08.12"]
[EventType "swiss"]
[EventRounds "9"]
[EventCountry "ESP"]
[Source "lmi"]
[SourceDate "2013.08.12"]

1. e4 d5 2. exd5 Qxd5 3. Nc3 Qd6 4. d4 Nf6 5. Nf3 c6 6. Be3 Bf5 7. Qd2 e6 8. h3
Qc7 9. g4 Ne4 10. Nxe4 Bxe4 11. Bg2 Bd6 12. Nh4 Bd5 13. Bxd5 cxd5 14. O-O-O Nc6
15. Rhf1 Rc8 16. Kb1 Na5 17. Ng2 Nc4 18. Qd3 a5 19. Bc1 a4 20. f4 Qb6 21. Ka1
Bb4 22. a3 Be7 23. f5 Bg5 24. Qc3 Bxc1 25. Rxc1 O-O 26. Nf4 Rfe8 27. fxe6 fxe6
28. Rfe1 Kh8 29. Nd3 Nd6 30. Qb4 Qxb4 31. axb4 b6 32. Ne5 Ne4 33. Rf1 Kg8 34.
h4 Rc7 35. Rg1 Rf8 36. c3 Nd2 37. Rc2 Ne4 38. Rcc1 Ra8 39. Ka2 a3 40. Rge1
axb2+ 41. Kxb2 Rca7 42. Ra1 Rxa1 43. Rxa1 Rxa1 44. Kxa1 Nxc3 45. Nd7 b5 46. Nc5
Kf7 47. Kb2 Ne2 48. Nb3 Ng1 49. Nd2 Ne2 50. Nf3 h6 51. Kc2 Ke7 52. Kd3 Nf4+ 53.
Ke3 Ng6 54. h5 Nf8 55. Kf4 Nd7 56. Ne5 Nb8 57. Nd3 Nc6 58. Ke3 Kf6 59. Nc5 Nxb4
60. Kf4 Nc6 61. Nb3 b4 0-1

[Event "47. Torneo Villa de Mislata - Torneo A"]
[Site "Mislata ESP"]
[Date "2013.08.12"]
[Round "1.21"]
[White "Salvador Lopez, Daniel"]
[Black "Moreno Vicente, Jesus Miguel"]
[Result "1/2-1/2"]
[WhiteElo "2140"]
[BlackElo "1801"]
[PlyCount "52"]
[EventDate "2013.08.12"]
[EventType "swiss"]
[EventRounds "9"]
[EventCountry "ESP"]
[Source "lmi"]
[SourceDate "2013.08.12"]

1. Nf3 Nf6 2. c4 g6 3. Nc3 c5 4. d4 cxd4 5. Nxd4 Nc6 6. g3 Bg7 7. Bg2 a6 8. O-O
O-O 9. Nc2 Qc7 10. Nd5 Nxd5 11. cxd5 Na7 12. d6 Qxd6 13. Qxd6 exd6 14. Nb4 Nc6
15. Nd5 b5 16. Ne7+ Kh8 17. Nxc6 dxc6 18. Bxc6 Bh3 19. Rd1 Rac8 20. Bb7 Rc2 21.
Bxa6 Bxb2 22. Bxb2+ Rxb2 23. Rxd6 Ra8 24. e4 Kg7 25. a3 Bc8 26. Bxc8 Rxc8
1/2-1/2

[Event "47. Torneo Villa de Mislata - Torneo A"]
[Site "Mislata ESP"]
[Date "2013.08.12"]
[Round "1.22"]
[White "Gimenez Ruiz, Jesus"]
[Black "Jimenez Martin, Gustavo"]
[Result "0-1"]
[WhiteElo "1755"]
[BlackElo "2136"]
[PlyCount "98"]
[EventDate "2013.08.12"]
[EventType "swiss"]
[EventRounds "9"]
[EventCountry "ESP"]
[Source "lmi"]
[SourceDate "2013.08.12"]

1. e4 e5 2. Bc4 Nf6 3. d3 Nc6 4. a3 d5 5. exd5 Nxd5 6. Qf3 Be6 7. Ne2 Qd7 8. h3
Be7 9. Nbc3 Nxc3 10. Bxe6 Qxe6 11. Nxc3 O-O 12. O-O Bd6 13. Be3 f5 14. Qd5 Rae8
15. Rac1 Kh8 16. Qxe6 Rxe6 17. Nb5 f4 18. Bd2 Nd4 19. Nxd4 exd4 20. Rce1 Rfe8
21. Rxe6 Rxe6 22. Re1 Rxe1+ 23. Bxe1 Kg8 24. f3 Kf7 25. Bd2 Ke6 26. Kf2 b5 27.
Ke2 c5 28. c4 a6 29. b3 g5 30. Be1 Kd7 31. Kd1 Kc6 32. Kc2 Bc7 33. a4 h6 34.
axb5+ axb5 35. Bd2 Kb6 36. Be1 Ka6 37. Kb2 Ba5 38. Bxa5 Kxa5 39. Ka3 h5 40. Ka2
bxc4 41. bxc4 Ka4 42. Kb2 Kb4 43. Kc2 Ka3 44. h4 gxh4 45. Kd1 Kb3 46. Kd2 Kb2
47. Kd1 Kc3 48. Ke2 Kc2 49. g4 hxg4 0-1

[Event "47. Torneo Villa de Mislata - Torneo A"]
[Site "Mislata ESP"]
[Date "2013.08.12"]
[Round "1.23"]
[White "Sanchez Dengra, Jose Maria"]
[Black "Garcia Sancho, Josep"]
[Result "1-0"]
[WhiteElo "2134"]
[BlackElo "1735"]
[PlyCount "73"]
[EventDate "2013.08.12"]
[EventType "swiss"]
[EventRounds "9"]
[EventCountry "ESP"]
[Source "lmi"]
[SourceDate "2013.08.12"]

1. e4 c5 2. Nf3 Nc6 3. d4 cxd4 4. Nxd4 g6 5. Nc3 Bg7 6. Be3 Nf6 7. Bc4 O-O 8.
Bb3 d6 9. f3 Bd7 10. Qd2 Nxd4 11. Bxd4 b5 12. h4 a5 13. a4 b4 14. Nd5 Nxd5 15.
Bxg7 Kxg7 16. exd5 h6 17. Qd4+ Kh7 18. O-O Qc7 19. Rfe1 Rfe8 20. Re2 Qa7 21.
Qxa7 Rxa7 22. Rae1 Bf5 23. g4 Bc8 24. Bc4 Rc7 25. Bb5 Rf8 26. Rxe7 Rxc2 27.
R1e2 Rc1+ 28. Kg2 Kg7 29. Ra7 Rd8 30. Be8 Rc5 31. Bxf7 Rd7 32. Re7 Rxe7 33.
Rxe7 Kf6 34. Ra7 Rc2+ 35. Kg3 Rxb2 36. Be8 Re2 37. Rf7+ 1-0

[Event "47. Torneo Villa de Mislata - Torneo A"]
[Site "Mislata ESP"]
[Date "2013.08.12"]
[Round "1.24"]
[White "Gomez Sanjuan, Hector Fernando"]
[Black "Pena Riasco, Alexander"]
[Result "0-1"]
[WhiteElo "1711"]
[BlackElo "2121"]
[PlyCount "66"]
[EventDate "2013.08.12"]
[EventType "swiss"]
[EventRounds "9"]
[EventCountry "ESP"]
[Source "lmi"]
[SourceDate "2013.08.12"]

1. d4 d5 2. c4 c6 3. Nf3 Nf6 4. Nc3 dxc4 5. a4 Bf5 6. Ne5 e6 7. f3 Nbd7 8. e4
Bg6 9. Nxc4 Be7 10. Be2 O-O 11. O-O b6 12. Be3 a6 13. Nd2 b5 14. axb5 cxb5 15.
Nb3 Nb6 16. Na5 Re8 17. Nc6 Qc7 18. Nxe7+ Rxe7 19. Bg5 Rd7 20. Bxf6 gxf6 21. f4
b4 22. Na4 Nxa4 23. Rxa4 Bxe4 24. Rxb4 a5 25. Rc4 Qb7 26. Bf3 Rad8 27. Qe1 Qa6
28. Ra4 Bd3 29. Rf2 Rxd4 30. Rxa5 Qb6 31. g3 Be4 32. Kg2 Bxf3+ 33. Rxf3 Rd2+
0-1

[Event "47. Torneo Villa de Mislata - Torneo A"]
[Site "Mislata ESP"]
[Date "2013.08.13"]
[Round "2.1"]
[White "Laliena Solanes, Luis"]
[Black "Castella Garcia, Fausto"]
[Result "0-1"]
[WhiteElo "2162"]
[BlackElo "2338"]
[PlyCount "36"]
[EventDate "2013.08.12"]
[EventType "swiss"]
[EventRounds "9"]
[EventCountry "ESP"]
[Source "lmi"]
[SourceDate "2013.08.12"]

1. d4 Nf6 2. Nf3 g6 3. Bf4 Bg7 4. Nc3 d5 5. Qd2 O-O 6. Bh6 Bxh6 7. Qxh6 c5 8.
dxc5 Qa5 9. O-O-O Rd8 10. Ng5 d4 11. e4 Nc6 12. f4 Qxc5 13. e5 dxc3 14. Bd3 Qb4
15. bxc3 Qxf4+ 16. Kb1 Qxe5 17. Rhf1 Bf5 18. Rde1 Qxc3 0-1

[Event "47. Torneo Villa de Mislata - Torneo A"]
[Site "Mislata ESP"]
[Date "2013.08.13"]
[Round "2.2"]
[White "Kovacevic, Slobodan"]
[Black "Jordan Martinez, Miguel"]
[Result "1-0"]
[WhiteElo "2337"]
[BlackElo "2172"]
[PlyCount "121"]
[EventDate "2013.08.12"]
[EventType "swiss"]
[EventRounds "9"]
[EventCountry "ESP"]
[Source "lmi"]
[SourceDate "2013.08.12"]

1. d4 Nf6 2. Nf3 c6 3. Bf4 Nh5 4. Bg5 h6 5. Bh4 g5 6. Bg3 Nxg3 7. hxg3 Bg7 8.
c3 Qb6 9. Qc2 d6 10. Nbd2 Bd7 11. Nc4 Qc7 12. Nxg5 c5 13. d5 Bb5 14. Na3 Ba6
15. Nf3 Nd7 16. Nh4 O-O-O 17. Nf5 Bf8 18. e4 Bxf1 19. Rxf1 a6 20. Qa4 Nb6 21.
Qb3 Kb8 22. O-O-O Ka7 23. Rh1 Nd7 24. Qa4 Nb6 25. Qc2 h5 26. Kb1 e6 27. Ne3 Be7
28. Rh3 Bg5 29. f4 Bf6 30. Rdh1 Rhg8 31. Qf2 exd5 32. exd5 Qe7 33. Rxh5 Qe4+
34. Nac2 Na4 35. g4 Qd3 36. Qf1 Nxc3+ 37. bxc3 Qxc3 38. Nd1 Qd2 39. Qf2 Qa5 40.
g5 Bg7 41. R5h3 Rde8 42. Rb3 Re4 43. Re1 Rge8 44. Rxe4 Rxe4 45. g3 Kb8 46. Qf3
Ra4 47. a3 Qc7 48. Nb2 Ra5 49. Nc4 Ra4 50. Nb6 Ra5 51. Qe2 Qd8 52. a4 c4 53.
Qxc4 Rc5 54. Qd3 f6 55. gxf6 Bxf6 56. Qf5 Ka7 57. Nd7 Qc8 58. Qxf6 Qxd7 59. Qd4
Qc7 60. Rc3 Qb6+ 61. Kc1 1-0